| 000 | 00866nam a2200277 a 4500 | ||
|---|---|---|---|
| 001 | 000012263 | ||
| 003 | DO-SdBNP | ||
| 005 | 20180212100634.0 | ||
| 007 | 000012263 | ||
| 008 | 091110s2011 dr a 000 0 spa d | ||
| 020 | _a9789945473209 | ||
| 040 |
_aBPMSU _bspa _cBPMSU |
||
| 092 |
_axxxx _bS725p |
||
| 100 | 1 | _aGrimaldi Silié, Eleanor | |
| 245 | 1 | 0 |
_aJulita Graciosa y sus amigos : _bnovela infanto-juvenil / _cEleanor Grimaldi Silié |
| 260 |
_aSanto Domingo : _bSantuario _c2011 |
||
| 300 |
_a55 p. : _bil. ; _c21 cm. |
||
| 500 | _aIncluye datos biográficos del autor en la solapa de la cubierta | ||
| 930 | 1 |
_l _m _8 _f _p _g _h |
|
| 930 | 1 |
_l _m _8 _f _p _g |
|
| 942 |
_2ddc _cBK |
||
| 945 | _aTítulo remanejado para BNPHU / 2017 VM | ||
| 956 |
_a _b _c _l _h |
||
| 956 |
_a _b _c _l _h |
||
| 956 |
_aVMATEO _b10 _c20150921 _lBPMSU _h00151 |
||
| 999 |
_c8277 _d8277 |
||